000 01190nam a2200325 i 4500
003 EG-GICUC
005 20260121101537.0
008 251224s1993 ua ||||fr|||| 000 0 ara d
017 _a93/4746
020 _a977-04-0982-0
040 _a EG-GICUC
_bara
_c EG-GICUC
_d EG-GICUC
_erda
041 _aara
082 0 4 _221
_a345.4571
_bز ك . م
092 0 4 _221
099 _aLaw1 07 345.4571 ز ك . م 1993
100 0 _aزكي محمد النجار
_eمؤلف.
245 1 2 _aالمشكلات العملية في اعلان الدعوى التأديبية /
_cالدكتور زكي محمد النجار.
264 1 _aالقاهرة :
_bدار النهضة العربية,
_c1993.
300 _a71 صفحة ؛
_c24 سم
_bإيضاحيات، صور، مثيليات ؛
336 _2rda content
_atext
337 _2rda media
_aComputer
338 _2rda carrier
_aOnline Resource
504 _a. 70-68 ببليوجرافيا: صفحات.
546 _aالنص باللغة العربية
650 1 4 _aالدعوي التأديبية
_2qrmak
651 1 _2qrmak
856 4 0 _uhttps://fll.law.cu.edu.eg/fulltext/bks/B07-01735.pdf
905 _a79
942 _2ddc
_cBK
_e21
_n0
999 _c52445
_d52445